000 00815nam a22002297a 4500
003 LK-CoMWRAF
005 20231215121042.0
008 231215b2001 |||||||| |||| 00| 0 eng d
020 _a9559760505
040 _aLK-CoMWRAF
_dLK-CoMWRAF
_eLK-CoMWRAF
041 _aeng
082 _a631.45
_bMEN
100 _a Mendis , D.L.O.
245 _aEvolution and development of water and soil conservation ecosystems- from ancient dry zone forest garden to modern Jaffna market garden
246 _a52nd annual sessions of the Sri Lanka association for the advancement of science
260 _aRatmalana:
_b Sri Lanka Pugwash group,
_c2001
300 _a92 p.; 21 cm. Ill. maps
490 _aseminar aesthetics in science
650 _aWATER AND SOIL CONSERVATION
650 _aEco systems- Sri Lanka
942 _cBK
999 _c4483
_d4483